| Tag |
First Indicator |
Second Indicator |
Subfields |
| LEADER |
00000cam a2200000Ia 4500 |
| 001 |
in00002130021 |
| 005 |
20151103062038.0 |
| 008 |
960105s1965 caua b 000 0 eng d |
| 035 |
|
|
|a (OCoLC)ocm33992486
|
| 040 |
|
|
|a SCA
|c SCA
|d OCLCQ
|d TXA
|d UtOrBLW
|
| 049 |
|
|
|a TXAM
|
| 086 |
0 |
|
|a NAS 1.26:61080
|
| 090 |
|
|
|a QC933
|b .W4
|
| 100 |
1 |
|
|a Weinstein, A. I.
|
| 245 |
1 |
0 |
|a Mesoscale structure of 11-20 KM winds /
|c prepared by A.I. Weinstein and E.R. Reiter.
|
| 264 |
|
1 |
|a Altadena, Calif. :
|b Meteorology Research,
|c 1965.
|
| 300 |
|
|
|a iv, 47 pages :
|b illustrations ;
|c 28 cm.
|
| 336 |
|
|
|a text
|b txt
|2 rdacontent
|
| 337 |
|
|
|a unmediated
|b n
|2 rdamedia
|
| 338 |
|
|
|a volume
|b nc
|2 rdacarrier
|
| 490 |
1 |
|
|a NASA contractor report ;
|v NASA CR-61080
|
| 500 |
|
|
|a "June 28, 1965."
|
| 504 |
|
|
|a Includes bibliographical references.
|
| 500 |
|
|
|a "N65-32960."
|
| 500 |
|
|
|a Prepared by Meteorology Research, Inc. for NASA - George C. Marshall Space Flight Center.
|
| 650 |
|
0 |
|a Wind shear
|x Mathematical models.
|
| 650 |
|
0 |
|a Winds
|x Speed
|x Measurement.
|
| 700 |
1 |
|
|a Reiter, E. R.
|
| 710 |
2 |
|
|a George C. Marshall Space Flight Center.
|
| 710 |
2 |
|
|a Meteorology Research, inc.
|
| 830 |
|
0 |
|a NASA contractor report ;
|v NASA CR-61080.
|
| 994 |
|
|
|a C0
|b TXA
|
| 999 |
|
|
|a MARS
|
| 999 |
f |
f |
|s ad10f39e-4f2c-3891-a859-f7e153d2e301
|i 81721143-9bd3-3ac9-a72f-763af30877a9
|t 0
|
| 952 |
f |
f |
|a Texas A&M University
|b College Station
|c Sterling C. Evans Library
|d Evans: US Documents (Annex 5th floor)
|t 0
|e NAS 1.26:61080
|h Superintendent of Documents classification
|
| 998 |
f |
f |
|a NAS 1.26:61080
|t 0
|l Evans: US Documents (Annex 5th floor)
|